000 01042cam a2200289 4500
008 010726n2001 000 0 eng u
020 _a1899769048
035 _a(Sirsi) u113792
100 _aDixon, T.
245 _aE-property = E-business + E-commerce - property, professional services and the new digital economy
_ba CPD study pack
260 _aOxford
_bCollege of Estate Management
_c2001
300 _a62p.
_c30cm.
350 _a67.50
490 _aCollege of Estate Management CPD Study Pack
520 _aHighlights the importance of the impact of e-business and e-commerce on the office, retails and industrial property sectors and related professional services.
520 _aDoes not include an Owlion Audio Programme.
650 _aPROPERTY-COMMERCIAL PROPERTY
650 _aEBUSINESS
650 _aE-COMMERCE
650 _aE-PROPERTY
650 _aINDUSTRIAL SECTOR
650 _aOFFICE SECTOR
650 _aRETAIL SECTOR
690 _aMANAGEMENT-BUSINESS MANAGEMENT
700 _aMarston, A.
942 _n0
999 _c85416
_d85416